00547nmm a2200169Ia 4500008004100000020001500041041000800056100003100064245008400095264005100179300001800230490002300248650003200271856005000303942000700353999001700360251105s9999||||xx |||||||||||||||||und|| a8497423488 aspa aEsteban Azurmendi, Iñaki 0aLibertad y sentido en las sociedades democráticas :b Habermas frente a Weber a[Madrid, España] :bBiblioteca Nueva, c2005 a219 páginas aEnsayo Pensamiento aPolitical Science (General) uhttps://public.digitaliapublishing.com/a/5156 cCF c74148d74148